Statistics for Fast math- subraction quiz

Click here to take the quiz!

General Stats

  • This quiz has been taken 79 times
  • The average score is 6 of 15

Answer Stats

QuestionSolution% Correct
792-84=708
98%
837-69=768
63%
933-497=436
56%
893-99=794
54%
561-26=535
46%
910-344=566
44%
666-92=574
39%
198-56=142
34%
841-79=762
29%
589-87=502
27%
939-87=852
27%
666-378=288
22%
761-345=416
14%
893-679=214
12%
945-356=589
12%

Score Distribution

Percentile by Number Answered

Percent of People with Each Score

Your Score History

You have not taken this quiz